00600nam a22002297a 450000500170000001000130001702000220003003500130005203700160006504000120008108200150009310000160010824500300012426000480015427000690020230000210027149000220029250000190031465000110033365000230034470000030036720170124110048.0 aA-992017 c00.00a8171414788 aA-992017 bCen Lib/Ret aDPLbEN a797.2bDUB aDubey, H.C. aDiving /cby H.C.Dubey aNew DelhibDiscovery Publishing Housec1999 a4831/24,Ansari Road Prahlad Street Darya GanjbNew Delhie110002 a216p. c21cm(Hb) aDPH Sports series aIncludes index aDiving aDiving - Teaching